| 000 | 00481nam a22001577a 4500 | ||
|---|---|---|---|
| 005 | 20240812091935.0 | ||
| 008 | 240812b |||||||| |||| 00| 0 eng d | ||
| 082 |
_a612 _bMAS-C |
||
| 100 | _aMaqsood Ahmad | ||
| 245 |
_aComprehensive Physical Pharmacy : _bFor the student of Doctor of Pharmacy / _cMaqsood Ahmad |
||
| 260 |
_aPakistan: _bUnique book; _c2009 |
||
| 300 |
_a321p. _bill; _c24 cm. |
||
| 500 | _ainclude index . | ||
| 650 | _aPharmacy / Physical Pharmacy | ||
| 999 |
_c36368 _d36368 |
||